Formula One Pirelli Rainbow Compounds - Statistics

General Stats
  • This quiz has been taken 23 times
  • The average score is 6 of 7
Answer Stats
Colour Answer % Correct
Blue Hard
100%
White Medium
100%
Yellow Soft
100%
Red Supersoft
90%
Orange Superhard
81%
Purple Ultrasoft
81%
Pink Hypersoft
62%
No matching quizzes found
Score Distribution
Percent of People with Each Score
Percentile by Number Answered
Your Score History
You have not taken this quiz